01683nam a2200457 i 450000100060000000300080000600500170001400600190003100700150005000800410006502000180010602000270012403500230015103500240017403500250019803500220022304000310024505000210027608000080029708200140030510000270031924500820034626400530042830000440048133600310052533700330055633800430058949000360063250000230066858801240069159001590081565000240097465000290099865000170102765000190104465500270106379700190109083000370110985600620114699900170120884858FlNmELB20241217171337.0m o d | cr cnu||||||||170601s2016 mx o 001 0 spa d z9786077443537 a9786077444886 (e-book) a(MiAaPQ)EBC4849858 a(Au-PeEL)EBL4849858 a(CaPaEBR)ebr11379389 a(OCoLC)1009104024 aFINmELBbspaerdacFINmELB 4aQA551bR934 2016 a5140 a516.32231 aRuiz Basto, Joaquín.10aMatemáticas.n3,pGeometría analítica básica /cJoaquín Ruiz Basto. 1aMéxico D.F. :bGrupo Editorial Patria,c[2016] a1 recurso en línea (x, 286 páginas) atextobtxt2rdacontent/spa acomputadorabc2rdamedia/spa arecurso en líneabcr2rdacarrier/spa1 aSerie integral por competencias aContiene índice. aDescripción basada en recurso en línea; Título de la página del título en PDF (e-libro, visto June 01, 2017). aRecurso electronico. Santa Fe, Arg. : e-libro, 2016. Disponible via World Wide Web. El acceso puede ser limitado para las bibliotecas afiliadas a e-libro. 0aGeometry, Analytic. 4aGeometría analítica. 0aMathematics. 4aMatemáticas. 4aLibros electrónicos.2 ae-libro, Corp. 0aSerie integral por competencias.40uhttps://elibro.net/ereader/politecnicointernacional/40475 c84858d84858